Physique - Chimie: l'Énergie Mécanique. - Statistiques

Statistiques générales
  • Ce quiz a été pris 772 fois
  • Le résultat moyen est 6 sur 7
Statistiques - réponses
Question Réponse % Correct
A quelle catégorie d'énergie correspond la formule "0.5*M*V^2"? L'énergie Cinétique.
92%
L'Énergie Mécanique est égale à... Ec + Ep.
89%
En quelle forme d'énergie le frein transforme - t ' il l'énergie Cinétique? Énergie Thermique.
89%
Lorsque l'énergie Mécanique est encore trop présente malgré l'utilisation du frein, quel élément de la voiture sert d'Éponge à Énergies? La Carosserie.
86%
Quelle est la formule permettant de calculer l'Énergie Potentielle de Position d'un objet? Masse M( en Kilogrammes)* Gravité G( = 9.8 Newtons)* Hauteur H(en Mètres).
73%
En négligeant les frottements de l'air, lorsqu'un objet est en mouvement, l'énergie mécanique... Stagne.
71%
Calculer l'Énergie Cinétique d'un RugbyMan de 150 Kilogrammes, ayant une vitesse de 33m/s. 81675 J.
61%
Aucun quiz correspondant
Distribution des résultats
% des personnes avec chaque résultat
Percentile par nombre de réponses
Votre historique - résultats
Vous n’avez pas pris ce quiz